000 00323nab a22001097u 4500
008 130520b1984 xxu||||| |||| 00| 0 spa d
041 _aspa
100 1 _aWesterhoff, J.
_967344
245 0 0 _aEstructura bifocal del conocimiento
_cJ. Westerhoff
773 0 _tConcilium
_gV.2,1984,págs.101-110
_x0210-1041
_wRev134
942 _cAR
999 _c355132
_d355132